Quiz - Les capitales impossibles - Statistiques

Statistiques générales
  • Ce quiz a été pris 98 fois
  • Le résultat moyen est 9 sur 15
Statistiques - réponses
Hint Réponse % Correct
Côte d'Ivoire Yamoussoukro
91%
Togo Lomé
74%
Tchad N'Djamena
73%
Papouasie-Nouvelle-Guinée Port Moresby
71%
Timor oriental Dili
65%
Gambie Banjul
64%
Kirghizistan Bichkek
61%
Sri Lanka Sri Jayawardenepura Kotte
61%
Comores Moroni
60%
Bhoutan Thimphou
48%
Tuvalu Funafuti
46%
Tonga Nukuʻalofa
43%
Kiribati Tarawa
37%
Îles Salomon Honiara
36%
Îles Marshall Majuro
36%
Aucun quiz correspondant
Distribution des résultats
% des personnes avec chaque résultat
Percentile par nombre de réponses
Votre historique - résultats
Vous n’avez pas pris ce quiz